[Event "Manavgat Turkey Cup"]
[Site "Manavgat"]
[Date "2015.02.06"]
[Round "10"]
[White "Sobay, Kahraman"]
[Black "Kuruz, Yusuf"]
[Result "1-0"]
[WhiteElo "2114"]
[BlackElo "1924"]
[PlyCount "127"]
[EventDate "2015.01.31"]
[EventType "swiss"]
[EventRounds "11"]
[EventCountry "TUR"]
[SourceTitle "CBM 164 Extra"]
[Source "ChessBase"]
[SourceDate "2015.03.02"]
[SourceVersion "1"]
[SourceVersionDate "2015.03.02"]
[SourceQuality "1"]

1. e4 c5 2. Nc3 Nc6 3. f4 d6 4. Nf3 g6 5. Bc4 Bg7 6. d3 Nh6 7. 0-0 e6 8. Qe1 0-0 9. f5 Nd4 10. f6 Qxf6 11. Nxd4 Qxd4+ 12. Be3 Qxe3+ 13. Qxe3 Bd4 14. Qxd4 cxd4 15. Nb5 Rd8 16. Nxd4 d5 17. exd5 exd5 18. Bb3 Nf5 19. Nb5 Be6 20. Rae1 Rac8 21. Rf4 a6 22. Nd4 Nxd4 23. Rxd4 Rd7 24. Kf2 Rcd8 25. g4 Kg7 26. Kg3 h6 27. h4 Rd6 28. a4 a5 29. Rh1 R8d7 30. g5 h5 31. Rf1 Bf5 32. Re1 Be6 33. Kf4 Rb6 34. Ke3 Rdd6 35. Rf1 Bf5 36. Kd2 Rb4 37. Rff4 Rxd4 38. Rxd4 Be6 39. c3 Rd7 40. Bd1 f6 41. Bf3 fxg5 42. hxg5 b6 43. Bh1 Kf8 44. Ke3 Ke7 45. Rf4 Bf5 46. Kd4 Rd6 47. Rf2 Be6 48. b4 Bf5 49. bxa5 bxa5 50. Rb2 Bd7 51. Bxd5 Bxa4 52. Ke5 Rd7 53. c4 Rc7 54. Ra2 Bc6 55. Rxa5 Bxd5 56. Kxd5 Rd7+ 57. Ke4 Rb7 58. d4 Rd7 59. d5 Rb7 60. c5 h4 61. c6 Rb1 62. Ra7+ Kd6 63. Rd7+ Kc5 64. c7 1-0

[Event "Manavgat Turkey Cup"]
[Site "Manavgat"]
[Date "2015.02.03"]
[Round "6"]
[White "Sobay, Kahraman"]
[Black "Eminov, Orkhan"]
[Result "0-1"]
[WhiteElo "2114"]
[BlackElo "2265"]
[PlyCount "54"]
[EventDate "2015.01.31"]
[EventType "swiss"]
[EventRounds "11"]
[EventCountry "TUR"]
[SourceTitle "CBM 164 Extra"]
[Source "ChessBase"]
[SourceDate "2015.03.02"]
[SourceVersion "1"]
[SourceVersionDate "2015.03.02"]
[SourceQuality "1"]

1. d4 Nf6 2. Bg5 d5 3. Bxf6 exf6 4. e3 g6 5. Ne2 Bh6 6. g3 Bf5 7. Bg2 Be4 8. Bxe4 dxe4 9. c4 0-0 10. Nbc3 f5 11. 0-0 Nd7 12. b4 Qe7 13. Nd5 Qd6 14. Qb3 c6 15. Ndc3 g5 16. c5 Qg6 17. f4 exf3 18. Rxf3 g4 19. Nf4 gxf3 20. Nxg6 Bxe3+ 21. Kh1 hxg6 22. d5 Rfe8 23. Rf1 Ne5 24. d6 Kg7 25. Nd1 Bd4 26. Ne3 Rh8 27. Nc2 Rxh2+ 0-1

[Event "Manavgat Turkey Cup"]
[Site "Manavgat"]
[Date "2015.02.01"]
[Round "3"]
[White "Sobay, Kahraman"]
[Black "Eden, Yagiz"]
[Result "1-0"]
[WhiteElo "2114"]
[BlackElo "1830"]
[PlyCount "99"]
[EventDate "2015.01.31"]
[EventType "swiss"]
[EventRounds "11"]
[EventCountry "TUR"]
[SourceTitle "CBM 164 Extra"]
[Source "ChessBase"]
[SourceDate "2015.03.02"]
[SourceVersion "1"]
[SourceVersionDate "2015.03.02"]
[SourceQuality "1"]

1. Nf3 Nf6 2. c4 d6 3. g3 g6 4. b4 Bg7 5. Bb2 e5 6. Bg2 0-0 7. d3 Re8 8. e4 Bg4 9. Nbd2 Nc6 10. b5 Nb8 11. 0-0 Nbd7 12. Nb3 Nc5 13. Qc2 Bxf3 14. Bxf3 h5 15. Rad1 Qe7 16. Bg2 Ne6 17. Bc1 h4 18. Qe2 a6 19. a4 axb5 20. axb5 Nd7 21. Be3 Ndc5 22. Nc1 hxg3 23. hxg3 Nd4 24. Qg4 Qe6 25. Qh4 Qe7 26. Bg5 f6 27. Be3 g5 28. Qh5 Qf7 29. Qh1 Qg6 30. Bxd4 exd4 31. f3 Kf7 32. Bh3 Rh8 33. Qg2 g4 34. Bxg4 Bh6 35. Qc2 Be3+ 36. Kg2 Qh6 37. Rh1 Qxh1+ 38. Rxh1 Rxh1 39. Kxh1 Ra1 40. Bh5+ Kg7 41. Kg2 Rxc1 42. Qe2 Nd7 43. f4 f5 44. exf5 Nf6 45. Bf3 b6 46. Qa2 Rg1+ 47. Kh3 Rf1 48. Qa8 Kh7 49. Bg2 Re1 50. Qf8 1-0

[Event "Manavgat Turkey Cup"]
[Site "Manavgat"]
[Date "2015.01.31"]
[Round "1"]
[White "Sobay, Kahraman"]
[Black "Gunes, Adem"]
[Result "1-0"]
[WhiteElo "2114"]
[BlackElo "1695"]
[PlyCount "53"]
[EventDate "2015.01.31"]
[EventType "swiss"]
[EventRounds "11"]
[EventCountry "TUR"]
[SourceTitle "CBM 164 Extra"]
[Source "ChessBase"]
[SourceDate "2015.03.02"]
[SourceVersion "1"]
[SourceVersionDate "2015.03.02"]
[SourceQuality "1"]

1. e4 c5 2. Nc3 Nc6 3. f4 d6 4. Nf3 Bg4 5. Bc4 e6 6. d3 Nge7 7. h3 Bxf3 8. Qxf3 Nd4 9. Qf2 a6 10. a3 Nec6 11. 0-0 Be7 12. Kh1 f5 13. Ba2 fxe4 14. dxe4 Rf8 15. Nd1 Rf6 16. c3 Nb5 17. Qe2 Kd7 18. Ne3 Nc7 19. Nc4 Ne8 20. e5 Rg6 21. Rd1 d5 22. f5 Rg3 23. Bf4 Bh4 24. fxe6+ Kc7 25. Bxg3 Bxg3 26. Qf3 Qg5 27. Rxd5 1-0

[Event "Gebze op 5th"]
[Site "Kocaeli"]
[Date "2014.09.24"]
[Round "8"]
[White "Sobay, Kahraman"]
[Black "Sat, Eray"]
[Result "1/2-1/2"]
[WhiteElo "2136"]
[BlackElo "1796"]
[PlyCount "116"]
[EventDate "2014.09.20"]
[EventType "swiss"]
[EventRounds "9"]
[EventCountry "TUR"]
[SourceTitle "CBM 162 Extra"]
[Source "ChessBase"]
[SourceDate "2014.10.17"]
[SourceVersion "1"]
[SourceVersionDate "2014.10.17"]
[SourceQuality "1"]

1. Nf3 Nf6 2. c4 c5 3. g3 Nc6 4. Bg2 g6 5. Nc3 Bg7 6. 0-0 0-0 7. d4 cxd4 8. Nxd4 Nxd4 9. Qxd4 d6 10. Qd3 a6 11. h3 Qc7 12. Bg5 Re8 13. Bxf6 Bxf6 14. Nd5 Qc5 15. Nxf6+ exf6 16. Rac1 Qe5 17. b4 Bf5 18. Qa3 Be4 19. Bxe4 Qxe4 20. e3 Rec8 21. Qb3 b5 22. c5 dxc5 23. bxc5 Qf5 24. c6 Rc7 25. Rc3 Qxh3 26. Rfc1 Qe6 27. Qa3 a5 28. R3c2 Kg7 29. Rc5 Ra6 30. Rxb5 Raxc6 31. Rxc6 Rxc6 32. Rxa5 Rb6 33. Qd3 Qc6 34. Rd5 Ra6 35. Qb3 Rb6 36. Qd1 Qb7 37. Rd7 Qe4 38. Rd4 Qb7 39. Rd7 Qe4 40. Rd3 Rb2 41. a3 Qf5 42. Qf1 Rxf2 43. Qxf2 Qxd3 44. Qa2 Qxe3+ 45. Kh2 Qc5 46. a4 Qa5 47. Qb3 Qd2+ 48. Kg1 h5 49. Qb5 h4 50. gxh4 Qe1+ 51. Kg2 Qxh4 52. a5 g5 53. a6 Qe4+ 54. Kf2 Qd4+ 55. Kg2 Qg4+ 56. Kf2 Qf4+ 57. Kg2 Qg4+ 58. Kf2 Qf4+ 1/2-1/2

[Event "Gebze op 5th"]
[Site "Kocaeli"]
[Date "2014.09.21"]
[Round "2"]
[White "Sobay, Kahraman"]
[Black "Hatipoglu, Metin"]
[Result "1-0"]
[WhiteElo "2136"]
[BlackElo "1803"]
[PlyCount "83"]
[EventDate "2014.09.20"]
[EventType "swiss"]
[EventRounds "9"]
[EventCountry "TUR"]
[SourceTitle "CBM 162 Extra"]
[Source "ChessBase"]
[SourceDate "2014.10.17"]
[SourceVersion "1"]
[SourceVersionDate "2014.10.17"]
[SourceQuality "1"]

1. Nf3 d5 2. c4 dxc4 3. e4 e6 4. Bxc4 c5 5. d4 cxd4 6. Qxd4 Qxd4 7. Nxd4 a6 8. Nc3 Bd7 9. Nb3 Nc6 10. Be3 Nf6 11. f3 Bb4 12. Rc1 0-0 13. a3 Be7 14. Be2 Rfe8 15. f4 Rac8 16. e5 Nd5 17. Nxd5 exd5 18. 0-0 f6 19. Bf3 fxe5 20. Bxd5+ Kh8 21. fxe5 Nxe5 22. Bxb7 Rb8 23. Bd5 Nd3 24. Rc7 Ba4 25. Bd4 Bxb3 26. Bxb3 Bf6 27. Rxf6 Rxb3 28. Re6 Rbb8 29. Rxe8+ Rxe8 30. Bxg7+ Kg8 31. Bc3 h5 32. Rg7+ Kf8 33. Rg3 Nc1 34. Rf3+ Kg8 35. h4 Re4 36. g3 Ne2+ 37. Kf2 Nd4 38. Bxd4 Rxd4 39. Ke3 Rd5 40. b4 a5 41. Ke4 Rb5 42. Rf5 1-0

[Event "Kemer Turkey Cup"]
[Site "Kemer"]
[Date "2014.02.02"]
[Round "2"]
[White "Cevrin, Muhammet Cemre"]
[Black "Sobay, Kahraman"]
[Result "0-1"]
[WhiteElo "1846"]
[BlackElo "2126"]
[PlyCount "140"]
[EventDate "2014.02.01"]
[EventType "swiss"]
[EventRounds "9"]
[EventCountry "TUR"]
[SourceTitle "CBM 158 Extra"]
[Source "ChessBase"]
[SourceDate "2014.02.28"]
[SourceVersion "1"]
[SourceVersionDate "2014.02.28"]
[SourceQuality "1"]

1. e4 Nf6 2. e5 Nd5 3. d4 Nb6 4. Nf3 d5 5. exd6 cxd6 6. Bb5+ Bd7 7. Bxd7+ N8xd7 8. 0-0 d5 9. Bf4 e6 10. Nbd2 Be7 11. c3 0-0 12. Qb3 Qc8 13. Rfe1 Qc6 14. Re2 Rfc8 15. Rae1 Na4 16. Ne5 Nxe5 17. Bxe5 b5 18. Nf3 Nb6 19. Bf4 Nc4 20. Ne5 Nxe5 21. Bxe5 a5 22. a3 b4 23. cxb4 axb4 24. axb4 Qb5 25. h3 Qxb4 26. Qg3 Bf8 27. b3 Ra3 28. Rb1 Qc3 29. Qxc3 Rxc3 30. Re3 Rxe3 31. fxe3 Bb4 32. Bg3 h6 33. Kf2 g5 34. Kf3 Kg7 35. Bc7 Ra2 36. Bb6 Rc2 37. Ba7 h5 38. Bb8 Kg6 39. g4 hxg4+ 40. hxg4 f5 41. gxf5+ Kxf5 42. Be5 g4+ 43. Kg3 Re2 44. Rf1+ Ke4 45. Rf4+ Kxe3 46. Rxg4 Bc3 47. Rg6 Bxd4 48. Rxe6 Kd3 49. Kf4 Be3+ 50. Kf5 d4 51. Bxd4 Kxd4 52. Re4+ Kd3 53. Rg4 Rb2 54. b4 Bd4 55. Ke6 Rxb4 56. Kd5 Rb5+ 57. Kc6 Rh5 58. Kd6 Kc4 59. Rg8 Rh6+ 60. Kc7 Kb5 61. Rg5+ Bc5 62. Rg7 Ra6 63. Rg5 Ra7+ 64. Kc8 Kc6 65. Kb8 Rb7+ 66. Ka8 Rh7 67. Rg6+ Bd6 68. Rg8 Rh1 69. Rg7 Rh8+ 70. Ka7 Bc5+ 0-1

[Event "Kemer Turkey Cup"]
[Site "Kemer"]
[Date "2014.02.01"]
[Round "1"]
[White "Sobay, Kahraman"]
[Black "Yelligedik, Murat"]
[Result "1-0"]
[WhiteElo "2126"]
[BlackElo "1862"]
[PlyCount "103"]
[EventDate "2014.02.01"]
[EventType "swiss"]
[EventRounds "9"]
[EventCountry "TUR"]
[SourceTitle "CBM 158 Extra"]
[Source "ChessBase"]
[SourceDate "2014.02.28"]
[SourceVersion "1"]
[SourceVersionDate "2014.02.28"]
[SourceQuality "1"]

1. e4 c5 2. Nc3 Nc6 3. f4 g6 4. Nf3 Bg7 5. Bb5 Nd4 6. 0-0 Nxb5 7. Nxb5 d5 8. e5 d4 9. Na3 Nh6 10. h3 0-0 11. d3 a6 12. g4 f6 13. c3 b5 14. cxd4 cxd4 15. Nc2 Nf7 16. Qe2 Qd5 17. exf6 exf6 18. Qf2 h5 19. Qg3 hxg4 20. hxg4 Nh6 21. Nh2 Bb7 22. Ne1 Rae8 23. Nef3 Re2 24. Bd2 Rfe8 25. Rf2 R2e7 26. a4 b4 27. Rc1 Re3 28. Bxe3 dxe3 29. Re2 Qxd3 30. Rce1 Bf8 31. Qh4 Qd6 32. g5 Nf5 33. Qg4 fxg5 34. Nxg5 Re4 35. Nxe4 Bxe4 36. Nf3 Bg7 37. Ne5 Bxe5 38. fxe5 Qc6 39. Qg5 Kf7 40. Rxe3 Nxe3 41. Qxe3 Bf5 42. Qb3+ Kg7 43. Qxb4 Qf3 44. Qe7+ Kg8 45. Qg5 Qb3 46. e6 Qxa4 47. e7 Qd4+ 48. Re3 Qd1+ 49. Kh2 Qd6+ 50. Qg3 Qd2+ 51. Kg1 Qc1+ 52. Qe1 1-0

[Event "Gebze op"]
[Site "Gebze"]
[Date "2013.10.05"]
[Round "6"]
[White "Baylav, Bartu"]
[Black "Sobay, Kahraman"]
[Result "0-1"]
[WhiteElo "1695"]
[BlackElo "2112"]
[PlyCount "64"]
[EventDate "2013.10.03"]
[EventType "swiss"]
[EventRounds "7"]
[EventCountry "TUR"]
[SourceTitle "CBM 157 Extra"]
[Source "ChessBase"]
[SourceDate "2013.12.19"]
[SourceVersion "1"]
[SourceVersionDate "2013.12.19"]
[SourceQuality "1"]

1. d4 Nf6 2. c4 c5 3. d5 b5 4. cxb5 a6 5. b6 d6 6. Nc3 g6 7. e4 Bg7 8. Nf3 0-0 9. Be2 Bg4 10. 0-0 Bxf3 11. Bxf3 Qxb6 12. Qc2 Nbd7 13. Bf4 Rab8 14. Rab1 Ne8 15. Na4 Qd8 16. b3 Nc7 17. Nb2 Nb5 18. Nc4 Nd4 19. Qd2 f5 20. Bh6 Bxh6 21. Qxh6 Qe8 22. Rbe1 fxe4 23. Bxe4 Qf7 24. Re3 Nf6 25. Qh4 Rbe8 26. Rfe1 Ng4 27. Bxg6 Qxg6 28. Re4 Nf6 29. R4e3 Nf5 30. Qh3 Nxe3 31. Qe6+ Kh8 32. Qxe3 Nxd5 0-1

[Event "TUR-chT2"]
[Site "Konya"]
[Date "2011.07.05"]
[Round "2"]
[White "Sobay, Kahraman"]
[Black "Kovchan, Alexander"]
[Result "1/2-1/2"]
[WhiteElo "2107"]
[BlackElo "2554"]
[PlyCount "237"]
[EventDate "2011.07.04"]
[EventType "team-swiss"]
[EventRounds "9"]
[EventCountry "TUR"]
[SourceTitle "CBM 143 Extra"]
[Source "ChessBase"]
[SourceDate "2011.08.29"]
[SourceVersion "1"]
[SourceVersionDate "2011.08.29"]
[SourceQuality "1"]
[WhiteTeam "Kocaeli Cenesuyu Plajyolu"]
[BlackTeam "Istanbul Moda"]
[WhiteTeamCountry "TUR"]
[BlackTeamCountry "TUR"]

1. d4 Nf6 2. c4 g6 3. Nc3 d5 4. e3 Bg7 5. Qb3 c6 6. cxd5 cxd5 7. Nge2 0-0 8. Nf4 e6 9. Be2 b6 10. 0-0 Bb7 11. a4 a5 12. Bd2 Nc6 13. Rfd1 Bh6 14. Nd3 Rc8 15. Rac1 Re8 16. Be1 Bf8 17. Bf3 Nb4 18. Na2 Nxd3 19. Qxd3 Bc6 20. b3 Ba3 21. Rc2 Qe7 22. Bc3 Bd7 23. Rdd2 Rc6 24. Ba1 Rec8 25. Rxc6 Rxc6 26. Rc2 Ne8 27. Be2 Nd6 28. Rxc6 Bxc6 29. Qc2 Qd7 30. Bc3 Ne4 31. Be1 Bf8 32. Bd3 Nd6 33. Nc3 Bg7 34. Ne2 Bb7 35. Bc3 Qc6 36. Bb2 Qxc2 37. Bxc2 Ba6 38. Nc1 Bf8 39. Bc3 f6 40. f3 Kf7 41. Kf2 h6 42. g4 g5 43. Ne2 Bxe2 44. Kxe2 Ne8 45. e4 Bb4 46. Bb2 Nd6 47. Bd3 Nc8 48. exd5 exd5 49. Ba6 Ne7 50. Bc1 f5 51. Bb7 Kf6 52. Be3 Ke6 53. Kd3 Kf6 54. Ke2 Kg6 55. Kd3 h5 56. h3 h4 57. Bc1 Bd6 58. Bd2 Kf6 59. Bc1 Bb4 60. Be3 Kg6 61. Bc1 Bd6 62. Bd2 Ba3 63. Be3 Bb4 64. Bc1 Kf6 65. Be3 f4 66. Bc1 Ke6 67. Kc2 Kd6 68. Bb2 b5 69. Ba6 bxa4 70. bxa4 Nc6 71. Bb5 Nd8 72. Kd3 Ne6 73. Ke2 Kc7 74. Bd3 Nd8 75. Bb5 Nb7 76. Bd3 Kc6 77. Bg6 Nd6 78. Kd3 Nc4 79. Bc1 Kd7 80. Bf7 Nb6 81. Kc2 Ke7 82. Bg8 Kf8 83. Be6 Ke7 84. Bg8 Nxa4 85. Bxd5 Nb6 86. Ba2 Kd6 87. Kd3 Nd5 88. Bb3 Nc3 89. Bb2 Nd5 90. Ke4 Nb6 91. Kf5 a4 92. Ba2 a3 93. Ba1 Na4 94. Kxg5 Bc3 95. Bxc3 Nxc3 96. Bc4 Ne2 97. Kf6 Nxd4 98. g5 Nxf3 99. g6 Ne5 100. g7 Nxc4 101. g8Q Kc5 102. Qg5+ Kb4 103. Qxf4 a2 104. Qc1 Kb3 105. Kg5 Na3 106. Kxh4 Nb1 107. Qe3+ Nc3 108. Qb6+ Ka3 109. Qa6+ Kb2 110. Qb7+ Ka3 111. Qa8+ Kb2 112. Qg2+ Kb3 113. Qb7+ Ka3 114. Qa6+ Kb2 115. Kg4 a1Q 116. Qxa1+ Kxa1 117. Kf5 Ne2 118. h4 Ng3+ 119. Kg4 1/2-1/2